000 00467nam a2200157 i 4500
001 101466
003 ES-MaACL
005 20230906182921.0
007 t|
008 051019s1967 sp ||||1| spa d
100 1 _aMedina Rubio, Rogelio.
_979753
245 1 0 _aAspectos sociológicos de la educación de los hijos /
_cRogelio Medina Rubio.
260 _aMadrid :
_bMundo del trabajo,
_c1967.
300 _a125 p. ;
_c18 cm.
852 _aES-MaACL
_jC-32867
_bR.63587
999 _c101466
_d101466